000 00613nam a22002177a 4500
003 UA-OsUOA
001 80736
007 ta
008 20111222b un ||||| |||| 00| 0 ukr d
100 _aПанасюк Б.Я.
090 _a330
_bП16
942 _cSA
040 _aUA-OsUOA
_bukr
_cUA-OsUOA
_dUA-OsUOA
245 _aМакроекономіка держави в епоху глобалізаційних криз
300 _aС.9-16
955 _a0
041 _aukr
080 _a330
773 0 _w80735
_tЕкономіка АПК
_dК.
_d2011
_g12
650 7 _a330 Економіка взагалі
_2UDC
999 _c367048
_d367048